000 00376nam a2200157Ia 4500
008 090123s9999 xx 000 0 und d
082 _b25005
100 _aSWAMI CHINMAYANAND
245 _aTHE BHAGVAT GEETA
250 _a0
600 _aSWAMI CHINMAYANAND
630 _aTHE BHAGVAT GEETA
700 _aSWAMI CHINMAYANAND
730 _aTHE BHAGVAT GEETA
942 _cBOOK
999 _c63076
_d63076